| 000 | 00866nas a2200253 4500 | ||
|---|---|---|---|
| 001 | BR8300645 | ||
| 003 | BR-BrBNA | ||
| 005 | 20231205085430.0 | ||
| 007 | ta | ||
| 008 | 230509b bl.|||p| |||| 00| 00por d | ||
| 040 |
_aBR-BrBNA _bpor _cBiblioteca Nacional de Agricultura |
||
| 041 | _a(Pt) | ||
| 072 | _aF21 | ||
| 100 | 1 | _aAndrea, M.M. de | |
| 100 | 1 | _aRuegg, E.F. | |
| 245 | 1 | _aDegradacao do 14C-paration in vitro por microrganismos isolados de solo gley humico [inseticida] | |
| 246 | 1 | _aDegradation of 14C-parathion in vitro by microorganisms isolated from a gley humic soil [insecticide] | |
| 650 | _aINSETICIDA | ||
| 650 | _aMICRORGANISMO | ||
| 650 | _aSOLO | ||
| 773 | 0 |
_tRevista Brasileira de Ciencia do Solo (Brazil) _xISSN 0100-0683 _g(May 1982), v. 6(2) p. 94-98 _wBR8300645 |
|
| 909 |
_a202311 _bLúcia _c55 _dLúcia Elande |
||
| 942 |
_2AGRIS _n0 _cANA |
||
| 999 |
_c111405 _d111405 |
||